000 00851nas a2200265 4500
001 BR2016003208
003 BR-BrBNA
005 20231205130503.0
007 ta
008 230509b bl.|||p| |||| 00| 00por d
040 _aBR-BrBNA
_bpor
_cBiblioteca Nacional de Agricultura
041 _a(Pt)
072 _aQ03
100 1 _aMunari, T.B.
245 1 _aCondições higienicossanitárias na produção de embutidos cárneos em um frigorífico localizado na região de Criciúma - SC
650 _aSUÍNO
650 _aCARNE
650 _aLINGUIÇA
650 _aHIGIENE DE ALIMENTO
650 _aCONTROLE DE QUALIDADE
650 _aSEGURANÇA ALIMENTAR
773 0 _tHigiene Alimentar (Brazil)
_xISSN 0101-9171
_g(Mar-Apr 2016), v. 30(254-255) p. 70-73
_wBR2016003208
909 _a202311
_bLúcia
_c55
_dLúcia Elande
942 _2AGRIS
_n0
_cANA
999 _c249715
_d249715